| 000 | 00779nac a22001931u 4500 | ||
|---|---|---|---|
| 020 | _a8180520366 | ||
| 082 |
_a331 _bS4951 |
||
| 090 |
_c2384 _d2384 |
||
| 100 | _aSeth,Vijay K. | ||
| 245 |
_aThe economics of labour markets : _bPolicy regime changes and the process of labour adjustment in the organised industry in India / _cVijay K. Seth ,Suresh Chand Aggarwal. |
||
| 260 |
_aNew Delhi : _bAne books ,2004 _c2004. |
||
| 300 |
_axxix,243p. ; _c24 cm. |
||
| 504 | _aIncludes bibliography:p. 211-234 and index | ||
| 650 |
_a Labor economics _zIndia |
||
| 650 |
_aLabor supply _zIndia |
||
| 700 | _aAggarwal, Suresh Chand | ||
| 942 |
_cBB _k331 S4951 |
||
| 999 |
_c2384 _d2384 |
||